CARE OF DOGS AND CATS (Record no. 11200)

MARC details
000 -LEADER
fixed length control field 00261nam a22000977a 4500
008 - FIXED-LENGTH DATA ELEMENTS--GENERAL INFORMATION
fixed length control field 181009b ||||| |||| 00| 0 eng d
020 ## - INTERNATIONAL STANDARD BOOK NUMBER
International Standard Book Number 9788123748436
100 ## - MAIN ENTRY--PERSONAL NAME
Personal name SHARMA, VINOD
9 (RLIN) 6956
245 ## - TITLE STATEMENT
Title CARE OF DOGS AND CATS
260 ## - PUBLICATION, DISTRIBUTION, ETC. (IMPRINT)
Place of publication, distribution, etc. INDIA
Name of publisher, distributor, etc. NATIONAL BOOK TRUST
Date of publication, distribution, etc. 2006
Holdings
Withdrawn status Lost status Source of classification or shelving scheme Damaged status Koha normalized classification for sorting Not for loan Home library Current library Shelving location Date acquired Total Checkouts Full call number Barcode Date last seen Price effective from Koha item type
    Dewey Decimal Classification   SHA_632_600000000000000   Good Samaritan School Library Good Samaritan School Library Medical Diagnostics 10/09/2018   SHA632.6 SHA15179 10/09/2018 10/09/2018 BOOK

Powered by Koha